00732nam a2200217Ia 4500003000900000008004100009040001600050080001700066100002100083245010500104260004800209300001300257500002600270650004100296650001800337650002200355650002200377942000700399999001500406952009300421IN-BaIIA211028s9999 xx 000 0 eng d cIIA Library a524.3.5bEDD aEddington, A. S. 4aThe internal constitution of the starscA. S. Eddington  aCambridgebCambridge University Pressc1930 ax, 407p. aDonated by Mrs. Bappu aAstronomy and Astrophysics Thesaurus aStellar95655 aStellar Evolution aStellar Structure cBK c7540d7540 00104070aBANbBANcGENd1983-07-18l0o524.3.5/ EDDp8353r2021-11-05w1983-07-18yBK